| 000 | 00455nam a2200181Ia 4500 | ||
|---|---|---|---|
| 008 | 240925s9999 xx 000 0 und d | ||
| 020 | _a9780070589384 | ||
| 082 | _a338.5 SAL | ||
| 100 | _aSalvatore, Dominick. | ||
| 245 | 0 | _aMicroeconomic Theory | |
| 250 | _a3rd | ||
| 260 |
_aNew York: _bMcGraw-Hill _c,2017. |
||
| 300 |
_a220p. _bNA _fOriginal |
||
| 500 | _aIncludes Index | ||
| 600 | _aSocial Sciences | ||
| 650 | _aSocial Sciences | ||
| 942 | _cBK | ||
| 999 |
_c16144 _d16144 |
||